[Event "Ljubljana-chT 75th"]
[Site "Ljubljana"]
[Date "2023.03.16"]
[Round "8.2"]
[White "Kosem, Rok"]
[Black "Hribar, Janez"]
[Result "1/2-1/2"]
[WhiteElo "1588"]
[BlackElo "1894"]
[PlyCount "82"]
[EventDate "2023.01.12"]
[EventType "team-swiss"]
[EventRounds "9"]
[EventCountry "SLO"]
[SourceTitle "EXT 2024"]
[Source "ChessBase"]
[SourceDate "2023.10.10"]
[SourceVersion "1"]
[SourceVersionDate "2023.10.10"]
[SourceQuality "1"]
[WhiteTeam "Dol"]
[BlackTeam "Crni Graben"]
[WhiteTeamCountry "SLO"]
[BlackTeamCountry "SLO"]

1. c4 Nf6 2. Nc3 c5 3. g3 g6 4. Bg2 Bg7 5. Nf3 Nc6 6. Rb1 0-0 7. a3 d5 8. cxd5 Nxd5 9. Nxd5 Qxd5 10. 0-0 Qa2 11. Qc2 Be6 12. d4 cxd4 13. Nd2 Rac8 14. Be4 Ne5 15. Qa4 d3 16. exd3 Rfd8 17. d4 Nc4 18. Bxb7 Nxd2 19. Bxd2 Rxd4 20. Qa5 Rcd8 21. Bc3 R4d7 22. Bc6 Bxc3 23. bxc3 Rd6 24. Rb7 Bh3 25. Bg2 Qe6 26. Bxh3 Qxh3 27. Rxe7 Rd1 28. Ree1 R8d5 29. Qxa7 Rd7 30. Qa8+ Rd8 31. Qb7 R1d7 32. Qc6 Qg4 33. Kg2 h5 34. Re3 Kg7 35. h3 Qf5 36. Qf3 Qc5 37. Ra1 Ra7 38. c4 Ra4 39. Rae1 Rd4 40. Re7 Qxc4 41. Qe3 Qd5+ 1/2-1/2

[Event "Ljubljana-chT 75th"]
[Site "Ljubljana"]
[Date "2023.01.26"]
[Round "3.2"]
[White "Kirasic, Branko"]
[Black "Hribar, Janez"]
[Result "1-0"]
[WhiteElo "1852"]
[BlackElo "1894"]
[PlyCount "47"]
[EventDate "2023.01.12"]
[EventType "team-swiss"]
[EventRounds "9"]
[EventCountry "SLO"]
[SourceTitle "EXT 2024"]
[Source "ChessBase"]
[SourceDate "2023.10.10"]
[SourceVersion "1"]
[SourceVersionDate "2023.10.10"]
[SourceQuality "1"]
[WhiteTeam "Visnja Gora Sticna"]
[BlackTeam "Crni Graben"]
[WhiteTeamCountry "SLO"]
[BlackTeamCountry "SLO"]

1. c4 Nf6 2. Nc3 g6 3. d4 Bg7 4. e4 d6 5. f4 c5 6. d5 Bg4 7. Qb3 Qb6 8. h3 Bd7 9. Qc2 Na6 10. a3 h5 11. Nf3 Qa5 12. Bd2 Nb4 13. Qb1 Na6 14. Bd3 e6 15. e5 dxe5 16. fxe5 Ng8 17. Ne4 Qb6 18. Nd6+ Kf8 19. Bxg6 Ne7 20. Nxf7 Nxg6 21. Qxg6 Rg8 22. Nd6 Be8 23. Qxe6 Qxb2 24. 0-0 1-0

[Event "SLO-chT Central 23rd"]
[Site "Slovenia"]
[Date "2022.11.10"]
[Round "8.1"]
[White "Coklin, Marko"]
[Black "Hribar, Janez"]
[Result "1/2-1/2"]
[WhiteElo "2159"]
[BlackElo "1897"]
[PlyCount "131"]
[EventDate "2022.09.15"]
[EventType "team-swiss"]
[EventRounds "9"]
[EventCountry "SLO"]
[SourceTitle "EXT 2024"]
[Source "ChessBase"]
[SourceDate "2023.10.10"]
[SourceVersion "1"]
[SourceVersionDate "2023.10.10"]
[SourceQuality "1"]
[WhiteTeam "Trzin Buscotrade"]
[BlackTeam "Crni Graben"]
[WhiteTeamCountry "SLO"]
[BlackTeamCountry "SLO"]

1. e4 Nf6 2. e5 Nd5 3. d4 d6 4. c4 Nb6 5. exd6 cxd6 6. d5 Na6 7. Be3 Bf5 8. Nc3 e6 9. g4 Bg6 10. h4 h5 11. dxe6 fxe6 12. g5 Nb4 13. Rc1 Rc8 14. b3 d5 15. a3 d4 16. axb4 dxc3 17. Qxd8+ Rxd8 18. Bc5 c2 19. Bg2 Bxc5 20. bxc5 Nd7 21. b4 Ne5 22. Rh3 Nd3+ 23. Rxd3 Bxd3 24. Bxb7 Rb8 25. c6 Kd8 26. Nf3 Kc7 27. Nd4 Bxc4 28. Rxc2 e5 29. Nf3 Rhf8 30. Nxe5 Rbe8 31. Rxc4 Rxe5+ 32. Kf1 Ref5 33. Rc2 Rf4 34. Ra2 Rxb4 35. Rxa7 Rbf4 36. Ra2 Rxh4 37. Re2 Rhf4 38. Re7+ Kb6 39. Rxg7 Rxf2+ 40. Kg1 h4 41. Bc8 Kxc6 42. Bh3 Kd6 43. Rd7+ Ke5 44. Re7+ Kd4 45. g6 R2f6 46. g7 Rg8 47. Bg2 Rg6 48. Re4+ Kd3 49. Rxh4 R8xg7 50. Rh2 Rb6 51. Rh3+ Ke2 52. Kh2 Rf6 53. Be4 Rf2+ 54. Kh1 Rd7 55. Bg2 Rff7 56. Ra3 Rh7+ 57. Bh3 Rd3 58. Rxd3 Kxd3 59. Kg2 Ke3 60. Be6 Rg7+ 61. Kh3 Rg6 62. Bd7 Kf4 63. Bc6 Rg3+ 64. Kh2 Rc3 65. Bd5 Rc2+ 66. Kh3 1/2-1/2

[Event "SLO-chT Central 23rd"]
[Site "Slovenia"]
[Date "2022.10.27"]
[Round "6.1"]
[White "Perme, Martin"]
[Black "Hribar, Janez"]
[Result "1/2-1/2"]
[WhiteElo "1710"]
[BlackElo "1897"]
[PlyCount "36"]
[EventDate "2022.09.15"]
[EventType "team-swiss"]
[EventRounds "9"]
[EventCountry "SLO"]
[SourceTitle "EXT 2024"]
[Source "ChessBase"]
[SourceDate "2023.10.10"]
[SourceVersion "1"]
[SourceVersionDate "2023.10.10"]
[SourceQuality "1"]
[WhiteTeam "Komenda Popotnik"]
[BlackTeam "Crni Graben"]
[WhiteTeamCountry "SLO"]
[BlackTeamCountry "SLO"]

1. e4 Nf6 2. e5 Nd5 3. c4 Nb6 4. d4 d6 5. exd6 cxd6 6. Nc3 Bf5 7. Nf3 e6 8. b3 Be7 9. Bb2 0-0 10. Bd3 Bxd3 11. Qxd3 Nc6 12. 0-0 d5 13. cxd5 Nxd5 14. Ne4 Nf6 15. Rad1 Qd5 16. Nc3 Qh5 17. Qb5 Qxb5 18. Nxb5 a6 1/2-1/2

[Event "SLO-chT Central 23rd"]
[Site "Slovenia"]
[Date "2022.10.20"]
[Round "5.1"]
[White "Justin, Matjaz"]
[Black "Hribar, Janez"]
[Result "1-0"]
[WhiteElo "2250"]
[BlackElo "1897"]
[PlyCount "95"]
[EventDate "2022.09.15"]
[EventType "team-swiss"]
[EventRounds "9"]
[EventCountry "SLO"]
[SourceTitle "EXT 2024"]
[Source "ChessBase"]
[SourceDate "2023.10.10"]
[SourceVersion "1"]
[SourceVersionDate "2023.10.10"]
[SourceQuality "1"]
[WhiteTeam "Vrhnika"]
[BlackTeam "Crni Graben"]
[WhiteTeamCountry "SLO"]
[BlackTeamCountry "SLO"]

1. e4 Nf6 2. e5 Nd5 3. d4 d6 4. Nf3 Bg4 5. Be2 e6 6. 0-0 Be7 7. h3 Bh5 8. c4 Nb6 9. Nc3 dxe5 10. Nxe5 Bxe2 11. Nxe2 0-0 12. b3 N8d7 13. Nf3 Bf6 14. Bb2 a5 15. a4 c6 16. Qc2 Qc7 17. Rad1 Rfd8 18. Ng3 g6 19. Ne4 Bg7 20. Ba3 Nf6 21. Bd6 Rxd6 22. Nxd6 Qxd6 23. c5 Qc7 24. cxb6 Qxb6 25. Qc4 Nd5 26. h4 h5 27. Rfe1 Rd8 28. Ne5 Qc7 29. Qd3 Kh7 30. Qf3 Rf8 31. Re4 f6 32. Nc4 e5 33. dxe5 fxe5 34. Qg3 Nf4 35. Rde1 Rf5 36. Qc3 Qe7 37. Nxe5 Qxh4 38. Qg3 Qxg3 39. fxg3 Nd5 40. Nf3 b5 41. Re6 bxa4 42. bxa4 c5 43. Rc6 Nc3 44. Re7 Nd5 45. Ra7 Kh6 46. Rxc5 Rxf3 47. Rxg7 Rd3 48. Rd7 1-0

[Event "SLO-chT Central 23rd"]
[Site "Slovenia"]
[Date "2022.10.13"]
[Round "4.1"]
[White "Hribar, Janez"]
[Black "Olenik Campa, Rudi"]
[Result "0-1"]
[WhiteElo "1897"]
[BlackElo "2151"]
[PlyCount "66"]
[EventDate "2022.09.15"]
[EventType "team-swiss"]
[EventRounds "9"]
[EventCountry "SLO"]
[SourceTitle "EXT 2024"]
[Source "ChessBase"]
[SourceDate "2023.10.10"]
[SourceVersion "1"]
[SourceVersionDate "2023.10.10"]
[SourceQuality "1"]
[WhiteTeam "Crni Graben"]
[BlackTeam "Ljubljana SK"]
[WhiteTeamCountry "SLO"]
[BlackTeamCountry "SLO"]

1. c4 g6 2. Nc3 Bg7 3. g3 e5 4. Bg2 Ne7 5. e4 0-0 6. Nge2 d6 7. d3 Be6 8. 0-0 c6 9. h3 a5 10. Rb1 f5 11. a3 Nd7 12. Be3 Nf6 13. f4 fxe4 14. fxe5 dxe5 15. Nxe4 Nxe4 16. Rxf8+ Bxf8 17. Bxe4 Bxh3 18. Qb3 Qd7 19. Kh2 Be6 20. Bb6 Nc8 21. Nc3 a4 22. Nxa4 Rxa4 23. Qxa4 Nxb6 24. Qa5 Qc7 25. b4 c5 26. Qa7 Bf5 27. Bxf5 gxf5 28. bxc5 Bxc5 29. a4 e4 30. a5 Bf2 31. Kg2 Qxg3+ 32. Kf1 Qg1+ 33. Ke2 exd3+ 0-1

[Event "SLO-chT Central 23rd"]
[Site "Slovenia"]
[Date "2022.10.06"]
[Round "3.1"]
[White "Baric, Dusan"]
[Black "Hribar, Janez"]
[Result "1/2-1/2"]
[WhiteElo "2011"]
[BlackElo "1897"]
[PlyCount "44"]
[EventDate "2022.09.15"]
[EventType "team-swiss"]
[EventRounds "9"]
[EventCountry "SLO"]
[SourceTitle "EXT 2024"]
[Source "ChessBase"]
[SourceDate "2023.10.10"]
[SourceVersion "1"]
[SourceVersionDate "2023.10.10"]
[SourceQuality "1"]
[WhiteTeam "Visnja Gora Sticna"]
[BlackTeam "Crni Graben"]
[WhiteTeamCountry "SLO"]
[BlackTeamCountry "SLO"]

1. e4 Nf6 2. e5 Nd5 3. d4 d6 4. Nf3 Bg4 5. Bc4 dxe5 6. dxe5 e6 7. 0-0 Be7 8. Bxd5 exd5 9. Nc3 c6 10. h3 Bh5 11. Bf4 0-0 12. Qe2 Nd7 13. Rad1 Nc5 14. Bh2 Qb6 15. b3 Qb4 16. Qe3 Ne6 17. Ne2 Bc5 18. Qd3 Bg6 19. Qd2 Qe4 20. c3 Be7 21. Ned4 Nxd4 22. Nxd4 Qh4 1/2-1/2

[Event "SLO-chT Central 23rd"]
[Site "Slovenia"]
[Date "2022.09.29"]
[Round "2.1"]
[White "Hribar, Janez"]
[Black "Plaskan, Jure"]
[Result "0-1"]
[WhiteElo "1897"]
[BlackElo "2217"]
[PlyCount "68"]
[EventDate "2022.09.15"]
[EventType "team-swiss"]
[EventRounds "9"]
[EventCountry "SLO"]
[SourceTitle "EXT 2024"]
[Source "ChessBase"]
[SourceDate "2023.10.10"]
[SourceVersion "1"]
[SourceVersionDate "2023.10.10"]
[SourceQuality "1"]
[WhiteTeam "Crni Graben"]
[BlackTeam "Domzale SD"]
[WhiteTeamCountry "SLO"]
[BlackTeamCountry "SLO"]

1. Nf3 Nf6 2. d4 e6 3. Bg5 d5 4. e3 c5 5. c3 Nbd7 6. Nbd2 h6 7. Bh4 Be7 8. Bd3 Qb6 9. Rb1 0-0 10. Ne5 cxd4 11. exd4 Nxe5 12. dxe5 Ne4 13. Nxe4 Bxh4 14. Ng3 Qc7 15. Qh5 Bg5 16. Qe2 Bf4 17. 0-0 Bxe5 18. Rbe1 Bd6 19. Qh5 Bd7 20. Qh4 Qd8 21. Qd4 b6 22. b4 Rc8 23. f4 Qc7 24. Rc1 b5 25. Ne2 Be7 26. Qe3 Bf6 27. Nd4 Qb6 28. Kh1 Rxc3 29. Rxc3 Bxd4 30. Qd2 Bxc3 31. Qxc3 Rc8 32. Qe5 Qc7 33. Qe2 a6 34. h3 Qc3 0-1

[Event "Ljubljana-chT 74th"]
[Site "Ljubljana"]
[Date "2022.02.10"]
[Round "5.1"]
[White "Hribar, Janez"]
[Black "Bandelj, Mirko"]
[Result "0-1"]
[WhiteElo "1946"]
[BlackElo "2002"]
[PlyCount "44"]
[EventDate "2022.01.13"]
[EventType "team-swiss"]
[EventRounds "9"]
[EventCountry "SLO"]
[SourceTitle "EXT 2024"]
[Source "ChessBase"]
[SourceDate "2023.10.10"]
[SourceVersion "1"]
[SourceVersionDate "2023.10.10"]
[SourceQuality "1"]
[WhiteTeam "Crni Graben"]
[BlackTeam "Dol"]
[WhiteTeamCountry "SLO"]
[BlackTeamCountry "SLO"]

1. d4 d5 2. Nf3 Nf6 3. c4 c6 4. Nc3 Bf5 5. Bg5 h6 6. Bxf6 exf6 7. cxd5 cxd5 8. Qb3 Nd7 9. Nxd5 Be6 10. Qxb7 Bxd5 11. Qxd5 Bb4+ 12. Nd2 0-0 13. e3 Qc7 14. Bd3 Rab8 15. b3 Qc3 16. Rd1 Qxd3 17. Qxd7 Rfc8 18. Qg4 Rc2 19. Qe2 Qc3 20. Rf1 Rc8 21. f3 Qb2 22. Rf2 Rc1 0-1

[Event "Ljubljana-chT 74th"]
[Site "Ljubljana"]
[Date "2022.02.03"]
[Round "4.1"]
[White "Pecnik, Primoz"]
[Black "Hribar, Janez"]
[Result "1/2-1/2"]
[WhiteElo "1740"]
[BlackElo "1946"]
[PlyCount "106"]
[EventDate "2022.01.13"]
[EventType "team-swiss"]
[EventRounds "9"]
[EventCountry "SLO"]
[SourceTitle "EXT 2024"]
[Source "ChessBase"]
[SourceDate "2023.10.10"]
[SourceVersion "1"]
[SourceVersionDate "2023.10.10"]
[SourceQuality "1"]
[WhiteTeam "Menges Trzin II"]
[BlackTeam "Crni Graben"]
[WhiteTeamCountry "SLO"]
[BlackTeamCountry "SLO"]

1. e4 Nf6 2. e5 Nd5 3. d4 d6 4. c4 Nb6 5. exd6 cxd6 6. Nf3 Bg4 7. b3 e6 8. Be2 Be7 9. 0-0 0-0 10. Nc3 Nc6 11. d5 exd5 12. Nxd5 Nxd5 13. Qxd5 Bf6 14. Rb1 Nb4 15. Qxb7 Bf5 16. Qxb4 Bxb1 17. Qd2 Bg6 18. Ba3 Re8 19. Bd3 Re6 20. Bxg6 hxg6 21. Rd1 g5 22. Kf1 Re4 23. Qxd6 Qxd6 24. Bxd6 g4 25. Nd2 Rd4 26. Bc5 Rd3 27. Ke2 Rad8 28. Bxa7 Bg5 29. Be3 Bxe3 30. fxe3 f5 31. a4 g5 32. g3 f4 33. gxf4 gxf4 34. exf4 R3d7 35. b4 Re8+ 36. Kf2 Red8 37. Ke3 Re7+ 38. Kf2 Rh7 39. Kg3 Rhd7 40. a5 Rxd2 41. Rxd2 Rxd2 42. b5 Ra2 43. a6 Kf7 44. Kxg4 Ke7 45. c5 Kd7 46. h4 Ra5 47. h5 Rxb5 48. a7 Ra5 49. h6 Rxa7 50. h7 Ra8 51. Kg5 Kc6 52. Kg6 Kxc5 53. Kg7 Kd6 1/2-1/2

[Event "SLO-chT Central 22nd"]
[Site "Slovenia"]
[Date "2021.10.28"]
[Round "7.1"]
[White "Hribar, Janez"]
[Black "More, Erlend"]
[Result "1/2-1/2"]
[WhiteElo "1946"]
[BlackElo "1621"]
[PlyCount "64"]
[EventDate "2021.09.16"]
[EventType "team-tourn"]
[EventRounds "7"]
[EventCountry "SLO"]
[SourceTitle "EXT 2024"]
[Source "ChessBase"]
[SourceDate "2023.10.10"]
[SourceVersion "1"]
[SourceVersionDate "2023.10.10"]
[SourceQuality "1"]
[WhiteTeam "Crni Graben"]
[BlackTeam "Komenda Pogi"]
[WhiteTeamCountry "SLO"]
[BlackTeamCountry "SLO"]

1. c4 e6 2. Nc3 d5 3. e3 Nf6 4. d4 b6 5. cxd5 exd5 6. Nf3 Bb7 7. Bd3 Be7 8. 0-0 Ne4 9. Ne5 0-0 10. Qc2 f5 11. Ne2 Ba6 12. f3 Bxd3 13. Qxd3 Nd6 14. Nf4 Qc8 15. Nxd5 Bd8 16. Bd2 Qe6 17. Qb3 Kh8 18. Rac1 c5 19. Nf4 Qxb3 20. axb3 cxd4 21. Bb4 Be7 22. Ne6 Na6 23. Bxd6 Bxd6 24. Nxf8 Bxe5 25. Nd7 Bd6 26. exd4 Bf4 27. Rce1 Kg8 28. Re7 Nb4 29. g3 Bg5 30. Re5 Rd8 31. f4 Bxf4 32. Rxf4 Nd3 1/2-1/2

[Event "SLO-chT Central 22nd"]
[Site "Slovenia"]
[Date "2021.10.14"]
[Round "5.1"]
[White "Mlacnik, Janez"]
[Black "Hribar, Janez"]
[Result "1/2-1/2"]
[WhiteElo "1828"]
[BlackElo "1946"]
[PlyCount "56"]
[EventDate "2021.09.16"]
[EventType "team-tourn"]
[EventRounds "7"]
[EventCountry "SLO"]
[SourceTitle "EXT 2024"]
[Source "ChessBase"]
[SourceDate "2023.10.10"]
[SourceVersion "1"]
[SourceVersionDate "2023.10.10"]
[SourceQuality "1"]
[WhiteTeam "Ljubljana Karel Jeraj"]
[BlackTeam "Crni Graben"]
[WhiteTeamCountry "SLO"]
[BlackTeamCountry "SLO"]

1. d4 Nf6 2. Nf3 g6 3. Nbd2 Bg7 4. e4 d6 5. Bd3 0-0 6. 0-0 Nc6 7. c3 e5 8. dxe5 dxe5 9. Nc4 Re8 10. Ne3 a6 11. Qc2 b5 12. Bd2 Bb7 13. a4 b4 14. cxb4 Nd4 15. Nxd4 exd4 16. Nd5 Nxd5 17. exd5 Bxd5 18. Rac1 c6 19. Bc4 Be4 20. Qb3 Qd7 21. f3 Bf5 22. Rfe1 d3 23. g4 Bxg4 24. Bxf7+ Qxf7 25. Qxf7+ Kxf7 26. fxg4 Bxb2 27. Rxc6 Rxe1+ 28. Bxe1 Re8 1/2-1/2

[Event "Ljubljana-chT 73rd"]
[Site "Ljubljana"]
[Date "2020.02.06"]
[Round "3.1"]
[White "Hribar, Janez"]
[Black "Marn, Jan"]
[Result "0-1"]
[WhiteElo "1958"]
[BlackElo "2366"]
[PlyCount "80"]
[EventDate "2020.01.16"]
[EventType "team-swiss"]
[EventRounds "6"]
[EventCountry "SLO"]
[SourceTitle "EXT 2024"]
[Source "ChessBase"]
[SourceDate "2023.10.10"]
[SourceVersion "1"]
[SourceVersionDate "2023.10.10"]
[SourceQuality "1"]
[WhiteTeam "Crni Graben"]
[BlackTeam "Menges Trzin"]
[WhiteTeamCountry "SLO"]
[BlackTeamCountry "SLO"]

1. c4 e6 2. Nc3 d5 3. d4 c6 4. Nf3 dxc4 5. a4 Bb4 6. e3 b5 7. Bd2 a5 8. axb5 Bxc3 9. Bxc3 cxb5 10. b3 Bb7 11. bxc4 b4 12. Bd2 Nf6 13. Bd3 0-0 14. 0-0 Nbd7 15. Qc2 Qc7 16. Rfc1 e5 17. Ng5 h6 18. Ne4 Nxe4 19. Bxe4 b3 20. Bh7+ Kh8 21. Qxb3 Kxh7 22. Bxa5 Rxa5 23. Rxa5 Qxa5 24. Qxb7 Nf6 25. c5 exd4 26. exd4 Qd2 27. Qb1+ Kg8 28. Rd1 Qc3 29. Qb6 Nd5 30. Qd6 Qc4 31. g3 Nc3 32. Re1 Nb5 33. Qd7 Nxd4 34. Re8 Rxe8 35. Qxe8+ Kh7 36. Qe4+ g6 37. Qe7 Ne2+ 38. Kg2 Qd5+ 39. f3 Nd4 40. Qf6 Kg8 0-1

[Event "SLO-chT Central 1st League 20th"]
[Site "Slovenia"]
[Date "2019.10.24"]
[Round "7.1"]
[White "Hribar, Janez"]
[Black "More, Erlend"]
[Result "1-0"]
[WhiteElo "1969"]
[BlackElo "1576"]
[PlyCount "63"]
[EventDate "2019.09.12"]
[EventType "team-tourn"]
[EventRounds "9"]
[EventCountry "SLO"]
[SourceTitle "EXT 2024"]
[Source "ChessBase"]
[SourceDate "2023.10.10"]
[SourceVersion "1"]
[SourceVersionDate "2023.10.10"]
[SourceQuality "1"]
[WhiteTeam "Crni Graben"]
[BlackTeam "Komenda Pogi"]
[WhiteTeamCountry "SLO"]
[BlackTeamCountry "SLO"]

1. c4 e5 2. Nc3 f5 3. g3 Nf6 4. Bg2 c6 5. d3 Be7 6. Nh3 d6 7. 0-0 0-0 8. Rb1 Na6 9. b4 d5 10. b5 Nc5 11. bxc6 bxc6 12. cxd5 cxd5 13. Ba3 h6 14. Qc2 e4 15. Nxe4 Ncxe4 16. dxe4 dxe4 17. Rfd1 Qe8 18. Nf4 Bxa3 19. Qb3+ Kh7 20. Qxa3 Bd7 21. Rb7 a6 22. Rd6 Bb5 23. Ne6 Rf7 24. Rxf7 Qxf7 25. Bh3 g6 26. Nd4 Qf8 27. Qc5 Qe7 28. e3 Bd7 29. Qb6 Kg7 30. Bf1 Bc8 31. Bc4 Bb7 32. Rxf6 1-0

[Event "SLO-chT Central 1st League 20th"]
[Site "Slovenia"]
[Date "2019.09.19"]
[Round "2.1"]
[White "Kovacic, Bojan"]
[Black "Hribar, Janez"]
[Result "1-0"]
[WhiteElo "1486"]
[BlackElo "1969"]
[PlyCount "63"]
[EventDate "2019.09.12"]
[EventType "team-tourn"]
[EventRounds "9"]
[EventCountry "SLO"]
[SourceTitle "EXT 2024"]
[Source "ChessBase"]
[SourceDate "2023.10.10"]
[SourceVersion "1"]
[SourceVersionDate "2023.10.10"]
[SourceQuality "1"]
[WhiteTeam "Menges Trzin III"]
[BlackTeam "Crni Graben"]
[WhiteTeamCountry "SLO"]
[BlackTeamCountry "SLO"]

1. e4 Nf6 2. e5 Nd5 3. d4 d6 4. c4 Nb6 5. exd6 cxd6 6. Be3 g6 7. a4 a5 8. Qb3 Bg7 9. Nf3 0-0 10. Bd3 Nc6 11. d5 Nb4 12. Bf1 Bf5 13. Na3 Qd7 14. Bxb6 e6 15. Be3 Rfc8 16. Nd4 Bxd4 17. Bxd4 exd5 18. Rc1 Re8+ 19. Kd1 Rac8 20. Bc3 dxc4 21. Bxc4 Rxc4 22. Nxc4 Nd3 23. Rc2 Nc5 24. Qb5 Bxc2+ 25. Kxc2 Qf5+ 26. Kc1 Re2 27. Ne3 Nd3+ 28. Kd1 Rxe3 29. Qxf5 gxf5 30. fxe3 Nf2+ 31. Ke2 Nxh1 32. Kf1 1-0

[Event "Ljubljana-chT 67th"]
[Site "Gostovanja"]
[Date "2014.03.20"]
[Round "8.1"]
[White "Hribar, Janez"]
[Black "Butala, Marjan"]
[Result "1/2-1/2"]
[WhiteElo "2017"]
[BlackElo "2022"]
[PlyCount "40"]
[EventDate "2014.01.09"]
[EventType "team-tourn"]
[EventRounds "9"]
[EventCountry "SLO"]
[SourceTitle "EXT 2015"]
[Source "ChessBase"]
[SourceDate "2014.11.20"]
[SourceVersion "1"]
[SourceVersionDate "2014.11.20"]
[SourceQuality "1"]
[WhiteTeam "Crni Graben"]
[BlackTeam "Karel Jeraj"]
[WhiteTeamCountry "SLO"]
[BlackTeamCountry "SLO"]

1. d4 Nf6 2. Nf3 g6 3. c4 Bg7 4. Nc3 0-0 5. e4 d6 6. Bg5 Nc6 7. Qd2 Bg4 8. Be2 Qe8 9. e5 Nd7 10. Nd5 Rc8 11. exd6 cxd6 12. Be3 e5 13. dxe5 dxe5 14. Rc1 Bxf3 15. Bxf3 Nd4 16. Bd1 Nc5 17. 0-0 Qd8 18. Bg4 Rb8 19. f4 Ne4 20. Qd3 Nc5 1/2-1/2

[Event "Ljubljana-chT 67th"]
[Site "Gostovanja"]
[Date "2014.01.23"]
[Round "3.1"]
[White "Hribar, Janez"]
[Black "Borisek, Anze"]
[Result "1/2-1/2"]
[WhiteElo "2017"]
[BlackElo "1951"]
[PlyCount "54"]
[EventDate "2014.01.09"]
[EventType "team-tourn"]
[EventRounds "9"]
[EventCountry "SLO"]
[SourceTitle "EXT 2015"]
[Source "ChessBase"]
[SourceDate "2014.11.20"]
[SourceVersion "1"]
[SourceVersionDate "2014.11.20"]
[SourceQuality "1"]
[WhiteTeam "Crni Graben"]
[BlackTeam "Podpec"]
[WhiteTeamCountry "SLO"]
[BlackTeamCountry "SLO"]

1. Nf3 b5 2. g3 Bb7 3. Bg2 e6 4. d3 Nf6 5. 0-0 Be7 6. b3 0-0 7. Bb2 c5 8. c4 a6 9. e4 d6 10. Nbd2 Nc6 11. Re1 Nb4 12. Nf1 e5 13. Ne3 Bc8 14. h3 Be6 15. Ng5 Ng4 16. Nxe6 Nxe3 17. Rxe3 fxe6 18. a3 Nc6 19. Qg4 Rf6 20. h4 bxc4 21. bxc4 Qb6 22. Qe2 Raf8 23. Rf1 Nd4 24. Bxd4 cxd4 25. Rf3 Qb3 26. Rxf6 Rxf6 27. Ra1 a5 1/2-1/2

[Event "SLO-chT3 West"]
[Site "Postojna"]
[Date "2013.11.23"]
[Round "3"]
[White "Hribar, Janez"]
[Black "Krumpak, Hinko"]
[Result "0-1"]
[WhiteElo "2039"]
[BlackElo "2104"]
[PlyCount "84"]
[EventDate "2013.11.22"]
[EventType "team"]
[EventRounds "5"]
[EventCountry "SLO"]
[SourceTitle "EXT 2015"]
[Source "ChessBase"]
[SourceDate "2014.11.20"]
[SourceVersion "1"]
[SourceVersionDate "2014.11.20"]
[SourceQuality "1"]

1. d4 g6 2. c4 Bg7 3. Nc3 d6 4. e4 e5 5. Be3 Nd7 6. Nge2 Ne7 7. Qd2 0-0 8. g4 Nb6 9. Ng3 Bxg4 10. h4 Nc6 11. d5 Nd4 12. Bxd4 exd4 13. Nb5 a6 14. Na3 Bf3 15. Rh3 Bg4 16. Rh2 f5 17. Bd3 Be5 18. exf5 Qe7 19. Kf1 Bxg3 20. fxg3 Bxf5 21. Rf2 Bxd3+ 22. Qxd3 Rxf2+ 23. Kxf2 Rf8+ 24. Kg2 Re8 25. Rf1 Qe2+ 26. Qxe2 Rxe2+ 27. Rf2 Rxf2+ 28. Kxf2 Na4 29. b3 Nc3 30. Ke1 d3 31. g4 Nxa2 32. Kd2 Nb4 33. g5 c6 34. dxc6 bxc6 35. Nb1 Kf7 36. Nc3 Ke6 37. Ne4 a5 38. Ke3 d5 39. Nc5+ Kf5 40. cxd5 cxd5 41. Nb7 Kg4 42. Nxa5 Kxh4 0-1

[Event "Ljubljana-chT 66th 1st League"]
[Site "Ljubljana"]
[Date "2013.02.14"]
[Round "5.1"]
[White "Hribar, Janez"]
[Black "Bohorc, Edo"]
[Result "1/2-1/2"]
[WhiteElo "2051"]
[BlackElo "2052"]
[PlyCount "23"]
[EventDate "2013.01.10"]
[EventType "team-tourn"]
[EventRounds "9"]
[EventCountry "SLO"]
[SourceTitle "EXT 2022"]
[Source "ChessBase"]
[SourceDate "2021.10.06"]
[SourceVersion "1"]
[SourceVersionDate "2021.10.06"]
[SourceQuality "1"]
[WhiteTeam "Crni Graben"]
[BlackTeam "Bor Dob"]
[WhiteTeamCountry "SLO"]
[BlackTeamCountry "SLO"]

1. c4 c5 2. Nc3 Nc6 3. Nf3 Nf6 4. d4 cxd4 5. Nxd4 Nxd4 6. Qxd4 d6 7. e4 e6 8. Be2 Be7 9. 0-0 0-0 10. Be3 Bd7 11. Rfd1 Qc7 12. Rac1 1/2-1/2

[Event "Ljubljana-chT 66th 1st League"]
[Site "Ljubljana"]
[Date "2013.02.07"]
[Round "4.1"]
[White "Gasparac, Gregor"]
[Black "Hribar, Janez"]
[Result "1/2-1/2"]
[WhiteElo "1708"]
[BlackElo "2051"]
[PlyCount "144"]
[EventDate "2013.01.10"]
[EventType "team-tourn"]
[EventRounds "9"]
[EventCountry "SLO"]
[SourceTitle "EXT 2022"]
[Source "ChessBase"]
[SourceDate "2021.10.06"]
[SourceVersion "1"]
[SourceVersionDate "2021.10.06"]
[SourceQuality "1"]
[WhiteTeam "Kocevje"]
[BlackTeam "Crni Graben"]
[WhiteTeamCountry "SLO"]
[BlackTeamCountry "SLO"]

1. d4 Nf6 2. Nf3 e6 3. Bg5 c5 4. c3 d5 5. e3 h6 6. Bh4 Nc6 7. Be2 Qb6 8. Qb3 Na5 9. Qc2 Nc6 10. Nbd2 Bd7 11. 0-0 Rc8 12. Qb3 g5 13. Bg3 Nh5 14. Rac1 Nxg3 15. hxg3 Bg7 16. Rfd1 g4 17. Ne1 h5 18. dxc5 Qxc5 19. Nd3 Qa5 20. Qc2 Qb6 21. Qb3 Qc7 22. Nf4 f5 23. Nb1 h4 24. gxh4 Rxh4 25. g3 Rh6 26. Kg2 Kf7 27. Rh1 Rch8 28. Rxh6 Rxh6 29. Rh1 Ne5 30. Rxh6 Bxh6 31. Nd2 Bc6 32. Kg1 a6 33. Qd1 Bxf4 34. exf4 Ng6 35. Nb3 Ba4 36. Qd4 Bc6 37. Qe3 b5 38. Nc5 Qc8 39. b4 Bd7 40. f3 gxf3 41. Qxf3 Be8 42. Qh5 Kg7 43. Qg5 a5 44. a3 axb4 45. axb4 Qa8 46. Nxe6+ Kg8 47. Qf6 Qa7+ 48. Qd4 Qxd4+ 49. Nxd4 Ne7 50. Bxb5 Bxb5 51. Nxb5 Kf7 52. Kf2 Ke6 53. Ke3 Kd7 54. Kd4 Kc6 55. Na3 Kd6 56. Nc2 Nc6+ 57. Kd3 Ne7 58. c4 dxc4+ 59. Kxc4 Nd5 60. Nd4 Ne7 61. Kb5 Kd5 62. Ne2 Kd6 63. Ka6 Nd5 64. b5 Kc5 65. Kb7 Kxb5 66. Nd4+ Kc5 67. Nxf5 Nf6 68. Kc7 Kd5 69. Kd8 Ke4 70. Ng7 Kf3 71. Ke7 Nd5+ 72. Ke6 Nxf4+ 1/2-1/2